Online Catalogue and eLibrary

Sri Lanka : (Record no. 2562)

MARC details
000 -LEADER
fixed length control field 00416nam a2200169Ia 4500
005 - DATE AND TIME OF LATEST TRANSACTION
control field 20240403045732.0
008 - FIXED-LENGTH DATA ELEMENTS--GENERAL INFORMATION
fixed length control field 240331s9999 xx 000 0 und d
020 ## - INTERNATIONAL STANDARD BOOK NUMBER
ISBN 955580009X
082 ## - DDC Classification
Item Number - Author Mark SRI
Class No. 328
100 ## - MAIN ENTRY--PERSONAL NAME
Personal name ICES
245 #0 - TITLE STATEMENT
Title Sri Lanka :
Remainder of title the devolution debate
250 ## - EDITION STATEMENT
Edition statement 1 st
260 ## - PUBLICATION, DISTRIBUTION, ETC.
Place of publication, distribution, etc. Colombo :
Name of publisher, distributor, etc. International Center for Ethnic Studies /
Date of publication, distribution, etc.
300 ## - PHYSICAL DESCRIPTION
Extent (e.g. Volumes, Pages etc.) 231 p .,
650 ## - SUBJECT ADDED ENTRY--TOPICAL TERM
Topical term or geographic name entry element Law
942 ## - Koha item type (Biblio)
Koha item type Books in Stacks (Lending)
Holdings
Lost status Damaged status Collection code Home library Current library Shelving location Date acquired Full call number Accession Number Item type
    Lending WERC Library WERC Library Social Science Cupboard 03/31/2024 328 SRI 2656 Books in Stacks (Lending)

© WERC Library